|
|
|
|
| LEADER |
00000nab a2200000 a 4500 |
| 001 |
vtls000060324 |
| 003 |
SK-MaSNL |
| 005 |
20260426094459.0 |
| 008 |
250422c1980 xo 0 slo |
| 015 |
|
|
|a SNBRA19rr/mm-uuuuu
|
| 035 |
|
|
|a CL0070424
|
| 035 |
|
|
|a urn:nbn:sk:snk-ab1nq
|
| 035 |
|
|
|a (urnnbn)urn:nbn:sk:snk:ar-a03p8r
|
| 035 |
|
|
|a (uuid)6b9d552a-e643-4167-9901-56f14a5a8663
|
| 040 |
|
|
|a SNKBUCL
|b slo
|c SNKBUCL
|e AACR2
|
| 041 |
0 |
|
|a slo
|
| 044 |
|
|
|a xo
|c SK
|
| 080 |
|
|
|a 655.4/.5(437.6)"1977"
|2 1981
|
| 100 |
1 |
|
|a Jedlička, Róbert
|4 aut
|9 272446
|
| 245 |
1 |
0 |
|a Výsledky edičnej činnosti slovenských vydavateľstiev roku 1977
|c Róbert Jedlička
|
| 648 |
|
7 |
|a 1977
|2 snkbucl
|9 336325
|
| 650 |
0 |
7 |
|a nakladateľstvá a vydavateľstvá
|2 snkbucl
|9 2789
|
| 651 |
|
7 |
|a Slovensko
|2 snkbucl
|9 14231
|
| 655 |
|
7 |
|a články zo zborníkov
|2 snkbucl
|9 166140
|
| 655 |
|
7 |
|a články z odboru knihovníctvo
|2 snkbucl
|9 166141
|
| 773 |
0 |
|
|t Kniha '77
|d Martin : Matica slovenská, 1980
|g S. 69-76
|
| 850 |
|
|
|a Slovenská národná knižnica
|
| 852 |
|
|
|a Slovenská národná knižnica
|
| 954 |
|
|
|a odborná, vedecká literatúra pôvodná (slovenská)
|2 lita
|
| 958 |
|
|
|a article27
|
| 958 |
|
|
|a RK
|
| 958 |
|
|
|a KL
|
| 958 |
|
|
|a OND
|
| 958 |
|
|
|a EUIPO
|
| 992 |
|
|
|a RZB
|
| 999 |
|
|
|c 3137906
|d 3139836
|